| 000 | 00589cam a2200229ua 4500 | ||
|---|---|---|---|
| 005 | 20201201110037.0 | ||
| 008 | 150623n ii |||gr||||Z||||||asm | ||
| 040 |
_cMAIN _aIN-DiNC |
||
| 041 | _dasm | ||
| 082 |
_a341 _bGOH |
||
| 100 |
_aGohain, Nabin, _eauthor |
||
| 245 | 1 |
_aAntarjatik ayne/ _cby Nabin Gohain and Deepan Das |
|
| 250 | _a1st ed. | ||
| 260 |
_aJorhat: _bBidya Bhawan, _c2010. |
||
| 300 | _a409p. | ||
| 650 | _aPolitical science | ||
| 650 | _aInternational law | ||
| 653 | _aLaw of nations | ||
| 653 | _aInternational law | ||
| 700 | _aDas, Dipen, | ||
| 942 |
_cBK _2ddc |
||
| 999 |
_c8391 _d8391 |
||